[Event "Berlin Eckbauer op 14th"]
[Site "Berlin"]
[Date "2011.10.24"]
[Round "2.23"]
[White "Sajkow, Alexander"]
[Black "Mako, Atila"]
[Result "0-1"]
[WhiteElo "1362"]
[BlackElo "1706"]
[PlyCount "38"]
[EventDate "2011.10.17"]
[EventType "swiss"]
[EventRounds "7"]
[EventCountry "GER"]
[SourceTitle "EXT 2022"]
[Source "ChessBase"]
[SourceDate "2021.10.06"]
[SourceVersion "1"]
[SourceVersionDate "2021.10.06"]
[SourceQuality "1"]

1. e4 d6 2. d4 Nf6 3. Nc3 g6 4. Nf3 Bg7 5. h3 c6 6. Bd3 Nbd7 7. Be3 0-0 8. Qd2 Re8 9. 0-0 b5 10. a3 Bb7 11. Rad1 Qb6 12. b3 Qc7 13. Rfe1 Rad8 14. Qc1 a6 15. Ne2 c5 16. Ng3 c4 17. bxc4 bxc4 18. Be2 Nxe4 19. Nxe4 Bxe4 0-1